000 02168cam a2200181 4500500
005 20260329021314.0
041 _afre
042 _adc
100 1 0 _aEllouze, Faten
_eauthor
700 1 0 _aCheour, Majda
_eauthor
245 0 0 _aPages de début
260 _c2008.
500 _a39
520 _aDans ce travail, on se propose de rechercher les causes des conflits conjugaux dans une population tunisienne. 116 femmes mariées représentatives de la population du grand Tunis et choisies selon la méthode des quotas. À ces 116 femmes, nous avons fait passer le test de satisfaction conjugale du lock wallace. Elles ont ensuite répondu à un questionnaire semi structuré composé de 3 parties : Des variables sociodémographiques. Des variables concernant le mariage et des variables concernant le conflit. Les finances viennent en tête avec 85% des conflits, la belle famille suit avec 69,6% des cas, les enfants sont aussi une cause importante de conflits parentaux 51,8% des cas. Dans la littérature les causes financières et la belle famille ne semblent pas avoir la même importance. Ce qui pourrait être du au meilleur niveau de vie et une structure moins conservatrice de la famille. Vu l’importance des causes de conflits dans notre pays et leurs intrications, des mesures préventives et thérapeutiques sont nécessaires pour diminuer ces conflits.
520 _aThe purpose of this study is to seek for marital conflicts’ causes in Tunisian population. 116 married women were selected according to quotas method. Those women respond to the lock wallace marital adjustement test. They also complétéd a questionnaire including sociodemographics, marital data and data about the conflict. Financial problems were the first conflicts’ cause (85%), familly in low was the second (69,6%) cause and disaccord about children éducation was the 3th cause (51,8%). Preventives and therapeutics strategies shoud be done to decrease conflicts’ frequency and impacts.
786 0 _nPsy Cause | 51 | 1 | 2008-01-03 | p. 1-1 | 1245-2394
856 4 1 _uhttps://shs.cairn.info/revue-psy-cause-2008-1-page-1?lang=fr&redirect-ssocas=7080
999 _c1911549
_d1911549